000 01806nam a2200301 i 4500
005 20250329165435.0
007 ta
008 190415s2021 000 0 eng d
040 _aCO-CtgCURN
_bspa
_ccoctgcurn
_erda
082 0 _aENF 2021
_bO839
100 1 _aOspino Núñez, María Fernanda,
_eauthor.
_4aut
245 1 0 _aFactores de riesgo asociados a conductas suicidas en adolescentes de instituciones educativas ubicadas en la localidad 1, Cartagena (Colombia). 2020 /
_cMaría Fernanda Ospino Núñez; Daniela Puello Cardona; Jesús Manuel Roa Pino; Angie Katherine Rodríguez Gutiérrez; directora Zorayda Barrios Puerta.
260 _aCartagena de Indias :
_bCorporación Universitaria Rafael Núñez,
_c2021.
300 _a129 hojas.
336 _atext
_btxt
_2rdacontent
337 _aunmediated
_bn
_2rdamedia
338 _avolume
_bnc
_2rdacarrier
504 _aTrabajo de grado (Enfermera). Corporación Universitaria Rafael Nuñez. Facultad de Ciencias de la Salud. Programa de Enfermería, 2021.
520 _a"El suicidio se cataloga como un grave asunto de salud pblica. La situacin es acuciante cuando se toma en cuenta a la poblacin ms joven. Es por ello que comprender la ideacin de esta prctica y los potenciales factores que la desencadenan."
650 0 _aEnfermería
_vTesis y disertaciones academicas.
700 1 _aPuello Cardona, Daniela.
700 1 _aRoa Pino, Jesús Manuel.
700 1 _aRodríguez Gutiérrez, Angie Katherine.
700 1 _aBarrios Puerta, Zorayda,
_edirectora.
856 _uhttps://unicurn.sharepoint.com/:b:/s/biblioteca/Ee_o6d9wqt5OoeHih2FrXf8BfOcdzLZb8jV9a7r1Os49Lg?e=HXxpS3
_zClick aqui para ver el recurso en texto completo
942 _2ddc
_cTG
_hENF 2021
_iO839
999 _c4075
_d4075